000 00463nam a2200181Ia 4500
001 4181
005 20260306145737.0
008 260306t2001||||xx |||||||||||||| ||spa||
041 _aESP
082 _a320
_bD61
100 _aBenecke, Dieter W. (Ed.)
_eAUT
245 0 _aDescentralización institucional:
_breformas de segunda generación
260 _c2001
300 _a204 páginas :
_c21 cm.
650 _aGEN
654 _aCDE
942 _cLIB
_dJUS
_fJUS
_2ddc
_n
999 _c4181
_d4181